| 000 | 00573nam a2200193 i 4500 | ||
|---|---|---|---|
| 001 | 73066 | ||
| 003 | ES-MaACL | ||
| 007 | t| | ||
| 008 | 040906s1985 sp ||||1| spa d | ||
| 020 | _a84-291-4037-9 | ||
| 100 | 1 |
_aGoldsmid, H. J. _957684 |
|
| 245 | 1 | 0 |
_aProblemas de física del estado sólido / _cH.J. Goldsmid ; [versión por Luis Brú y J. Serna]. |
| 260 |
_aBarcelona, etc. : _bReverté, _c[1985] |
||
| 300 |
_aXI, 585 p. ; _c20 cm. |
||
| 500 | _aIndice. | ||
| 700 | 1 |
_aBru, Luis. _932045 |
|
| 700 | 1 |
_aSerna, J. _9105570 |
|
| 852 |
_aES-MaACL _jL-8827 _bR.109276 |
||
| 999 |
_c73066 _d73066 |
||